00967nam a22002895i 450000100060000000300090000600500170001500700030003200800410003502000180007604000220009408000270011608000110014310000230015424501350017725000120031226000370032430000210036149000550038250000130043750400320045060000570048265000290053970000210056883000550058985200330064411021ES-MaACL20250805062542.0t|930601s1993 sp ||||0| spa j a84-7658-394-X aM-BN bspa cM-BN a1 Popper, Karl Raimund a321.011 aPerona, Angeles J.10aEntre el liberalismo y la socialdemocracia b: Popper y la "sociedad abierta" / cAngeles J. Perona ; prólogo de Jacobo Muñoz. a1ª ed. aBarcelona : bAnthropos, c1993. a248 p ; c20 cm.1 aPensamiento crítico/pensamiento utópico ; v76 aIndices. aBibliografía: p. 231-239.14aPopper, Karl Raimund-xCrítica e interpretación. 4aPolítica-xFilosofía1 aMuñoz, Jacobo.0 aPensamiento crítico/pensamiento utópico ; v76 aES-MaACLjL-18324 bR.121415